স্বাধীনতার পঞ্চাশ বছর বাংলাদেশের স্বাস্থ্য খাতের বিকাশ / (Record no. 13175)
[ view plain ]
| 000 -LEADER | |
|---|---|
| fixed length control field | 00931nam a2200229 a 4500 |
| 001 - CONTROL NUMBER | |
| JCCL Control Number | 13175 |
| 003 - CONTROL NUMBER IDENTIFIER | |
| JCCL marc code | BD-JhCC |
| 005 - DATE AND TIME OF LATEST TRANSACTION | |
| control field | 20230717091953.0 |
| 008 - FIXED-LENGTH DATA ELEMENTS--GENERAL INFORMATION | |
| fixed length control field | 230717s2022 bg |||| |||| 000 0 ben d |
| 020 ## - INTERNATIONAL STANDARD BOOK NUMBER | |
| International Standard Book Number | 9789849647577 |
| 035 ## - SYSTEM CONTROL NUMBER | |
| system control number | (BD-JhCC)13175 |
| 040 ## - CATALOGING SOURCE | |
| Original cataloging agency | BD-JhCC |
| Modifying agency | BD-JhCC |
| 041 ## - LANGUAGE CODE | |
| Language code of Book | ben |
| 082 ## - DEWEY DECIMAL CLASSIFICATION NUMBER | |
| Classification number | 610.727 |
| Author mark and Year | SHA 2022 |
| 245 ## - TITLE STATEMENT | |
| Title | স্বাধীনতার পঞ্চাশ বছর বাংলাদেশের স্বাস্থ্য খাতের বিকাশ / |
| Statement of responsibility, etc | সম্পা. আহমদ মোশতাক রাজা চৌধুরী . . . (অন্যান্য)। |
| 260 ## - PUBLICATION, DISTRIBUTION, ETC. (IMPRINT) | |
| Place of publication, distribution, etc | ঢাকা : |
| Name of publisher, distributor, etc | প্রথমা, |
| Date of publication, distribution, etc | ২০২২ |
| 300 ## - PHYSICAL DESCRIPTION | |
| Pagination | ৪৬৩ পৃ. : |
| Dimensions | ২৪ সেমি. |
| 650 ## - SUBJECT ADDED ENTRY--TOPICAL TERM | |
| Topical term or geographic name as entry element | Medical statistics |
| 650 ## - SUBJECT ADDED ENTRY--TOPICAL TERM | |
| Topical term or geographic name as entry element | Medicine--Research--Statistical methods |
| 700 ## - ADDED ENTRY--PERSONAL NAME | |
| Personal name | চৌধুরী, আহমদ মোশতাক রাজা |
| 942 ## - ADDED ENTRY ELEMENTS (KOHA) | |
| Source of classification or shelving scheme | Dewey Decimal Classification |
| Koha item type | Books |
| Source of classification or shelving scheme | Damaged status | Not for loan | Home library | Current library | Shelving location | Date of accession | Cost, normal purchase price | Total Checkouts | Full call number | Barcode | Date last seen | Copy number | Method of acquisition | Koha item type | Currency |
|---|---|---|---|---|---|---|---|---|---|---|---|---|---|---|---|
| Dewey Decimal Classification | JCC Rouf Library | JCC Rouf Library | General Stacks | 06/23/2023 | 1013.00 | 610.727 SHA 2022 | 17981 | 07/17/2023 | C-1 | Purchase | Books | BDT |